000 00649nam a2200229Ia 4500
003 OSt
005 20220923220305.0
006 a|||||r|||| 00| 0
007 ta
008 220922b |||||||| |||| 00| 0 hin d
024 _a185,738
037 _cTextual
040 _aARTS
_cARTS
_bhin
041 _2hin
_ahin
082 _aY1:351.282, 152K7
100 _aसहल, कन्हैयालाल
245 0 _aनिहालदे सुलतान
246 _aNihālade sulatāna
260 _c1967
942 _hY1:351.282, 152K7
_cTEXL
_2CC
999 _c338984
_d338984